000 00295nam a2200109Ia 4500
008 231129s2013||||xx |||||||||||||| ||spa||
082 _aDVD000020 791.43658 D32p
245 0 _a10 Grandes pelí­culas de piratas [pelí­cula]
260 _c2013
264 _aBogotá : Yoyo music
942 _2ddc
_cBKS
999 _c4150
_d4150